000
00198nam a2200085 4500
001
1257277
005
20260210114241.0
245
_a
MAHALLEMİZİN PARKI
_c
MUZAFFER YALÇIN
260
_b
AKVARYUM YAYINLARI
999
_c
1257277
_d
1257277